| 000 | 00683nam a2200241Ia 4500 | ||
|---|---|---|---|
| 001 | 15226 | ||
| 003 | GE_BSU | ||
| 008 | 181216s||||||||xx |||||||||||||| ||und|| | ||
| 040 | _cGE_BSU | ||
| 080 | _a63(075.8)+631.8(075.8) | ||
| 100 | _aСмирнов,Л.М. | ||
| 245 | _aАгрохимия | ||
| 245 | _cПод. общ. ред. П.М.Смирнова и А.В. Петербугского | ||
| 250 | _a3-е изд. | ||
| 260 | _aМосква | ||
| 260 | _bКолос | ||
| 260 | _c1975 | ||
| 300 | _a512стр.илл.27см. | ||
| 300 | _eУказатель лит-ры стр.512 | ||
| 653 | _aАгрохимия | ||
| 653 | _aაგროქიმია | ||
| 942 | _cBK | ||
| 999 |
_c48338 _d48338 |
||